| 000 -LEADER |
| fixed length control field |
00433nam a22001337a 4500 |
| 005 - DATE AND TIME OF LATEST TRANSACTION |
| control field |
20180806165826.0 |
| 008 - FIXED-LENGTH DATA ELEMENTS--GENERAL INFORMATION |
| fixed length control field |
180806b ||||| |||| 00| 0 eng d |
| 040 ## - CATALOGING SOURCE |
| Transcribing agency |
|
| 100 ## - MAIN ENTRY--PERSONAL NAME |
| Personal name |
India. Lok Sabha |
| 9 (RLIN) |
206 |
| 245 ## - TITLE STATEMENT |
| Title |
Departmentally Related Standing Committees: a review |
| Remainder of title |
by Lok Sabha |
| 260 ## - PUBLICATION, DISTRIBUTION, ETC. (IMPRINT) |
| Place of publication, distribution, etc |
New Delhi |
| Name of publisher, distributor, etc |
Lok Sabha Secretariat |
| 500 ## - GENERAL NOTE |
| General note |
Library has 1994/95-1997/98, 1999/2000, 2001/02, 2003/04-2006-07 |
| 942 ## - ADDED ENTRY ELEMENTS (KOHA) |
| Source of classification or shelving scheme |
|
| Item type |
GG |